Un film se déroulant dans chaque département français en images - Statistiques

Statistiques générales
  • Ce quiz a été pris 678 fois
  • Le résultat moyen est 28 sur 101
Statistiques - réponses
Par images Hint Réponse % Correct
Landes Brice de Nice
90%
Côtes-d'Armor Astérix et Obélix contre César
89%
Allier La Soupe aux choux
88%
Calvados Intouchables
87%
Savoie Les Bronzés font du ski
85%
Sarthe Les Visiteurs
83%
Drôme Un p'tit truc en plus
82%
Nord Bienvenue chez les Ch'tis
80%
Paris Le Fabuleux Destin d'Amélie Poulain
80%
Haute-Loire La Nouvelle Guerre des boutons
79%
Côte-d'Or La Grande Vadrouille
78%
Alpes-Maritimes La Cité de la peur
75%
Hautes-Pyrénées Belle et Sébastien : Nouvelle Génération
73%
Essonne Les Profs
70%
Indre-et-Loire Qu'est-ce qu'on a fait au Bon Dieu ?
70%
Mayenne La Famille Bélier
67%
Charente-Maritime Les Demoiselles de Rochefort
66%
Hérault Didier
63%
Guyane Un indien dans la ville
53%
Pas-de-Calais Germinal
51%
Vendée Les Vacances du Petit Nicolas
48%
Bouches-du-Rhône La Gloire de mon père
45%
Gironde Les Petits Mouchoirs
45%
Rhône Barbecue
44%
Var La Piscine
44%
Aisne Bienvenue à Marly-Gomont
42%
Yvelines Hibernatus
42%
Hauts-de-Seine Neuilly sa mère !
42%
Haute-Savoie La Première Etoile
41%
Aude Le Corniaud
37%
Saône-et-Loire La Folle Histoire de Max et Léon
35%
Manche Les Parapluies de Cherbourg
34%
Loiret La Rafle
33%
Haute-Corse Les Randonneurs
33%
Seine-Maritime Disco
31%
Finistère Les Seigneurs
30%
Seine-Saint-Denis Boîte noire
29%
Vaucluse Gazon maudit
29%
Corse-du-Sud L'Enquête corse
29%
Yonne Tatie Danielle
29%
Isère Anatomie d'une chute
25%
Val-d'Oise Van Gogh
24%
Pyrénées-Orientales Le Petit Baigneur
23%
Eure-et-Loir L'Opération Corned Beef
22%
Ardennes Tirailleurs
22%
Jura Un ours dans le Jura
22%
Dordogne Le Tatoué
21%
Doubs Monsieur Batignole
21%
Corrèze Présidents
21%
Meurthe-et-Moselle Les Rivières pourpres 2 : Les Anges de l'apocalypse
20%
Ain Ridicule
20%
Hautes-Alpes Le Hussard sur le toit
17%
Gers Le bonheur est dans le pré
16%
Seine-et-Marne Raid dingue
16%
Val-de-Marne Buffet froid
15%
Eure L'Ennemi public n° 1
15%
Tarn Les Vieux Fourneaux
15%
Tarn-et-Garonne Le Vieux Fusil
15%
Cantal Harry, un ami qui vous veut du bien
14%
Lozère Le Pacte des loups
14%
Guadeloupe All Inclusive
13%
Haute-Marne Radiostars
13%
Somme Un long dimanche de fiançailles
12%
Haut-Rhin La Grande Illusion
10%
Cher L'École buissonnière
10%
Deux-Sèvres Les Diaboliques
10%
Oise Coco avant Chanel
9%
Pyrénées-Atlantiques Hors de prix
8%
Charente Illusions perdues
8%
Indre Jour de fête
8%
Haute-Saône La Veuve Couderc
8%
Aube Le Pacha
8%
Bas-Rhin Monsieur Klein
8%
Loir-et-Cher La Princesse de Montpensier
7%
Haute-Vienne Irréductible
6%
Loire-Atlantique Lola
6%
La Réunion La Sirène du Mississippi
5%
Haute-Garonne L'Été en pente douce
5%
Maine-et-Loire Mademoiselle de Joncquières
5%
Aveyron Miséricorde
5%
Puy-de-Dôme Quand j'étais chanteur
5%
Vosges Les Grandes Gueules
4%
Ardèche L'Homme du train
4%
Ille-et-Vilaine Conte d'été
3%
Gard Donne-moi des ailes
3%
Nièvre Hiroshima mon amour
3%
Lot Quelques messieurs trop tranquilles
3%
Marne Champagne !
2%
Creuse La Belle Saison
2%
Vienne Les Boules de Noël
2%
Morbihan Mon oncle d'Amérique
2%
Orne Normandie nue
2%
Lot-et-Garonne Coup de chaud
1%
Loire La Vie très privée de monsieur Sim
1%
Alpes-de-Haute-Provence Les Côtelettes
1%
Meuse Le Train de 8 heures 47
1%
Territoire de Belfort Nettoyage à sec
1%
Martinique Rue Cases-Nègres
1%
Mayotte Tropique de la violence
1%
Moselle Ville à vendre
1%
Ariège Les Âmes sœurs
0%
Aucun quiz correspondant
Distribution des résultats
% des personnes avec chaque résultat
Percentile par nombre de réponses
Votre historique - résultats
Vous n’avez pas pris ce quiz